[Event "Oberfranken-ch U14"]
[Site "Schney"]
[Date "2015.01.03"]
[Round "2"]
[White "Sesselmann, Christoph"]
[Black "Mueller, David"]
[Result "1-0"]
[WhiteElo "784"]
[BlackElo "879"]
[PlyCount "121"]
[EventDate "2015.01.03"]
[EventType "swiss"]
[EventRounds "7"]
[EventCountry "GER"]
[SourceTitle "CBM 164 Extra"]
[Source "ChessBase"]
[SourceDate "2015.03.02"]
[SourceVersion "1"]
[SourceVersionDate "2015.03.02"]
[SourceQuality "1"]

1. e4 e5 2. Nf3 Nc6 3. Bb5 a6 4. Bxc6 bxc6 5. Nxe5 Qe7 6. d4 d6 7. Nxc6 Qxe4+ 8. Qe2 Qxe2+ 9. Kxe2 Bd7 10. Nb4 Nf6 11. Re1 Kd8 12. Kf1 c6 13. Bg5 c5 14. dxc5 dxc5 15. Nd3 c4 16. Nc5 Bxc5 17. Bxf6+ gxf6 18. b3 cxb3 19. axb3 Rg8 20. Ra5 Bb4 21. Rh5 Bxe1 22. Kxe1 Re8+ 23. Kf1 Bb5+ 24. c4 Bd7 25. Rxh7 Rb8 26. Nd2 a5 27. Rxf7 a4 28. bxa4 Rb2 29. Rxf6 Rxd2 30. f3 Re1+ 31. Kxe1 Rd4 32. Rf8+ Kc7 33. c5 Bxa4 34. g4 Rc4 35. Rf5 Bc6 36. Kf2 Kd7 37. h4 Rc2+ 38. Kg3 Rc4 39. h5 Ke7 40. h6 Rc1 41. h7 Rh1 42. Rh5 Rxh5 43. gxh5 Ke6 44. h8Q Kd5 45. Qf8 Kd4 46. Qd6+ Bd5 47. c6 Kc4 48. c7 Bb7 49. Qb6 Bc8 50. Qb8 Bd7 51. c8Q+ Bxc8 52. Qxc8+ Kd4 53. Qf5 Ke3 54. Qe4+ Kd2 55. Kf2 Kc3 56. Ke3 Kb2 57. Qc4 Kb1 58. Qe2 Kc1 59. Kd3 Kb1 60. Kc3 Ka1 61. Qb2# 1-0

[Event "Agneaux St Lo op 15th"]
[Site "Agneaux"]
[Date "2013.07.13"]
[Round "8"]
[White "Marimoutou, Loic"]
[Black "Mueller, David"]
[Result "1/2-1/2"]
[WhiteElo "1936"]
[BlackElo "1932"]
[PlyCount "53"]
[EventDate "2013.07.07"]
[EventType "swiss"]
[EventRounds "9"]
[EventCountry "FRA"]
[SourceTitle "EXT 2014"]
[Source "ChessBase"]
[SourceDate "2013.11.20"]
[SourceVersion "1"]
[SourceVersionDate "2013.11.20"]
[SourceQuality "1"]

1. e4 e5 2. Nf3 Nf6 3. Nxe5 d6 4. Nf3 Nxe4 5. Nc3 Nxc3 6. dxc3 Be7 7. Be3 0-0 8. Qd2 Qe8 9. Be2 Nc6 10. 0-0 Be6 11. Nd4 Nxd4 12. cxd4 c6 13. Bd3 Qd7 14. Rad1 d5 15. Bf4 Rfe8 16. Rfe1 Bd6 17. Bxd6 Qxd6 18. Re3 Bd7 19. Rde1 g6 20. c3 Rxe3 21. Rxe3 Re8 22. Qe2 Rxe3 23. Qxe3 Qe6 24. Qxe6 Bxe6 25. Kf1 Kg7 26. Ke2 Kf6 27. Ke3 1/2-1/2

[Event "Rheinland Pfalz op 3rd"]
[Site "Gau Algesheim"]
[Date "2011.07.29"]
[Round "3"]
[White "Mueller, David"]
[Black "Klebs, Sebastian"]
[Result "1-0"]
[WhiteElo "1850"]
[BlackElo "1751"]
[PlyCount "75"]
[EventDate "2011.07.28"]
[EventType "swiss"]
[EventRounds "7"]
[EventCountry "GER"]
[SourceTitle "EXT 2013"]
[Source "ChessBase"]
[SourceDate "2012.11.22"]
[SourceVersion "1"]
[SourceVersionDate "2012.11.22"]
[SourceQuality "1"]

1. e4 c5 2. d4 cxd4 3. c3 dxc3 4. Nxc3 Nc6 5. Bc4 e6 6. Nf3 d6 7. 0-0 Nf6 8. Qe2 Be7 9. Rd1 e5 10. h3 0-0 11. Be3 a6 12. a4 Qc7 13. Rac1 Bd7 14. Nd5 Nxd5 15. exd5 Nd8 16. Bxa6 Qa5 17. Bb5 Bf5 18. Bd2 Qa7 19. g4 Bg6 20. Rc7 e4 21. Rxe7 exf3 22. Qxf3 f6 23. Be3 Qb8 24. Bb6 Nf7 25. Rc1 Ne5 26. Qe3 Rc8 27. Rcc7 Rxc7 28. Bxc7 Qc8 29. f4 Nxg4 30. hxg4 Qxg4+ 31. Kf2 Qh4+ 32. Qg3 Qh5 33. Bd7 Bf7 34. Be6 Rf8 35. Bxd6 Qh6 36. Bxf7+ Rxf7 37. Re8+ Rf8 38. Rxf8# 1-0

[Event "SVR-ch MAT-I 34th"]
[Site "Reil"]
[Date "2011.04.22"]
[Round "8"]
[White "Mueller, David"]
[Black "Ries, Werner"]
[Result "1-0"]
[WhiteElo "1863"]
[BlackElo "1729"]
[PlyCount "49"]
[EventDate "2011.04.15"]
[EventType "tourn"]
[EventRounds "9"]
[EventCountry "GER"]
[SourceTitle "EXT 2013"]
[Source "ChessBase"]
[SourceDate "2012.11.22"]
[SourceVersion "1"]
[SourceVersionDate "2012.11.22"]
[SourceQuality "1"]

1. e4 e6 2. d4 d5 3. Nc3 dxe4 4. Nxe4 Bd7 5. Nf3 Bc6 6. Bd3 Nf6 7. Bg5 Be7 8. Nc3 0-0 9. 0-0 a6 10. Re1 Re8 11. Ne5 Nd5 12. Qh5 g6 13. Bxe7 Qxe7 14. Nxc6 bxc6 15. Qf3 Nd7 16. a3 N7f6 17. Ne4 Nxe4 18. Bxe4 Qd6 19. c4 Ne7 20. Rad1 Rad8 21. b4 f5 22. Bc2 Nc8 23. Bb3 Kg7 24. c5 Qe7 25. Qxc6 1-0

[Event "SVR-ch MAT-I 34th"]
[Site "Reil"]
[Date "2011.04.21"]
[Round "6"]
[White "Mueller, David"]
[Black "Uhl, Patrick"]
[Result "1-0"]
[WhiteElo "1863"]
[BlackElo "1596"]
[PlyCount "123"]
[EventDate "2011.04.15"]
[EventType "tourn"]
[EventRounds "9"]
[EventCountry "GER"]
[SourceTitle "EXT 2013"]
[Source "ChessBase"]
[SourceDate "2012.11.22"]
[SourceVersion "1"]
[SourceVersionDate "2012.11.22"]
[SourceQuality "1"]

1. e4 d5 2. exd5 Qxd5 3. Nc3 Qa5 4. d4 Nf6 5. Bc4 Bf5 6. Bd2 c6 7. Nf3 Qc7 8. 0-0 e6 9. Re1 Nbd7 10. Bb3 0-0-0 11. Qe2 Bd6 12. h3 h5 13. Bg5 Rdg8 14. Ne5 Nf8 15. Qf3 N6h7 16. Bd2 Nf6 17. Nxf7 Bh2+ 18. Kh1 Bg4 19. Qe3 g5 20. Nxh8 Bf4 21. Qd3 Bf5 22. Bxf4 Qxf4 23. Qe3 Qxe3 24. fxe3 Rxh8 25. e4 Bg6 26. e5 Nd5 27. Nxd5 cxd5 28. Ba4 g4 29. Rac1 gxh3 30. gxh3 Nd7 31. Bxd7+ Kxd7 32. Rg1 Be4+ 33. Kh2 Rf8 34. Kg3 b5 35. Kh4 Bf5 36. Rg7+ Kc6 37. Rxa7 Be4 38. Ra6+ Kd7 39. Rd6+ Ke7 40. Rb6 Rf4+ 41. Kxh5 Bf3+ 42. Kg5 Rxd4 43. Rb7+ Ke8 44. Rxb5 Re4 45. Kf6 Rh4 46. Kxe6 Rh6+ 47. Kf5 Be4+ 48. Kg4 Rg6+ 49. Kf4 Rg2 50. c4 Rf2+ 51. Kg3 Rf3+ 52. Kg4 d4 53. Rb3 d3 54. Rd1 Re3 55. Kf4 Re2 56. a4 Bg6 57. Rb8+ Ke7 58. Rb7+ Ke8 59. Rb6 Bh5 60. Rxd3 Rc2 61. Rd4 Re2 62. e6 1-0

[Event "SVR-ch MAT-I 34th"]
[Site "Reil"]
[Date "2011.04.17"]
[Round "4"]
[White "Mueller, David"]
[Black "Knapp, Michael"]
[Result "1/2-1/2"]
[WhiteElo "1863"]
[BlackElo "1982"]
[PlyCount "32"]
[EventDate "2011.04.15"]
[EventType "tourn"]
[EventRounds "9"]
[EventCountry "GER"]
[SourceTitle "EXT 2013"]
[Source "ChessBase"]
[SourceDate "2012.11.22"]
[SourceVersion "1"]
[SourceVersionDate "2012.11.22"]
[SourceQuality "1"]

1. e4 e6 2. d4 d5 3. Nc3 Bb4 4. exd5 exd5 5. Nf3 Ne7 6. Bd3 0-0 7. 0-0 c6 8. Re1 Bd6 9. Ne2 Bg4 10. Ng3 Ng6 11. h3 Bxf3 12. Qxf3 Nd7 13. Nf5 Qf6 14. Nxd6 Qxd6 15. Bd2 Rfe8 16. a3 Ndf8 1/2-1/2

[Event "SVR-ch MAT-I 34th"]
[Site "Reil"]
[Date "2011.04.16"]
[Round "2"]
[White "Mueller, David"]
[Black "Thoennes, Frank"]
[Result "1-0"]
[WhiteElo "1863"]
[BlackElo "1908"]
[PlyCount "101"]
[EventDate "2011.04.15"]
[EventType "tourn"]
[EventRounds "9"]
[EventCountry "GER"]
[SourceTitle "EXT 2013"]
[Source "ChessBase"]
[SourceDate "2012.11.22"]
[SourceVersion "1"]
[SourceVersionDate "2012.11.22"]
[SourceQuality "1"]

1. e4 e5 2. d4 exd4 3. Nf3 Bc5 4. Nxd4 d6 5. Nb3 Bb6 6. a4 a5 7. Nc3 Qf6 8. Qe2 Ne7 9. Be3 Bxe3 10. Qxe3 0-0 11. 0-0-0 Bd7 12. Nd4 Re8 13. Ndb5 Na6 14. e5 Qh4 15. Rd4 Qh5 16. Be2 Qg6 17. g4 Nb4 18. Bd3 Nxd3+ 19. Qxd3 Qh6+ 20. Kb1 Bxb5 21. Nxb5 Nc6 22. Nxc7 Nxd4 23. Qxd4 dxe5 24. Qe4 Qc6 25. Qxc6 bxc6 26. Nxa8 Rxa8 27. Rd1 Kf8 28. Rd7 Ke8 29. Rc7 Rd8 30. Rxc6 Rd1+ 31. Ka2 Rd2 32. Rc5 f6 33. Rxa5 Rxc2 34. Ra8+ Kf7 35. a5 Kg6 36. a6 Kg5 37. Rg8 Rc7 38. b4 Kxg4 39. b5 Ra7 40. Rxg7+ Rxg7 41. b6 f5 42. a7 Rxa7+ 43. bxa7 e4 44. a8Q Kf3 45. Qa3+ Kxf2 46. Qg3+ Ke2 47. Qf4 e3 48. Qxf5 h6 49. Qh5+ Kf2 50. Qxh6 e2 51. Qe6 1-0

[Event "Rheinland Pfalz op 2nd"]
[Site "Schweich"]
[Date "2010.07.18"]
[Round "6"]
[White "Minz, Michail"]
[Black "Mueller, David"]
[Result "0-1"]
[WhiteElo "2090"]
[BlackElo "1747"]
[PlyCount "60"]
[EventDate "2010.07.16"]
[EventType "swiss"]
[EventRounds "7"]
[EventCountry "GER"]
[SourceTitle "EXT 2012"]
[Source "ChessBase"]
[SourceDate "2011.11.24"]
[SourceVersion "1"]
[SourceVersionDate "2011.11.24"]
[SourceQuality "1"]

1. e4 e5 2. Nc3 Nf6 3. g3 Bc5 4. Bg2 Nc6 5. Nf3 0-0 6. 0-0 d6 7. d3 Bg4 8. h3 Be6 9. Na4 Bb6 10. Nxb6 axb6 11. Nh4 Qc8 12. g4 h6 13. f4 exf4 14. Rxf4 Kh7 15. Rxf6 gxf6 16. Qd2 Rh8 17. Qxh6+ Kg8 18. Qxf6 Qd8 19. Bg5 Qxf6 20. Bxf6 Rh6 21. Bg5 Rh7 22. e5 Nxe5 23. d4 Ng6 24. Be4 Rxh4 25. Bxg6 Rxh3 26. Be4 Rg3+ 27. Kf2 Rxg4 28. Bxb7 Rb8 29. d5 Rxg5 30. dxe6 Rxb7 0-1

[Event "Rheinland Pfalz op 2nd"]
[Site "Schweich"]
[Date "2010.07.17"]
[Round "5"]
[White "Mueller, David"]
[Black "Roj, Michaela"]
[Result "1-0"]
[WhiteElo "1747"]
[BlackElo "1914"]
[PlyCount "57"]
[EventDate "2010.07.16"]
[EventType "swiss"]
[EventRounds "7"]
[EventCountry "GER"]
[SourceTitle "EXT 2012"]
[Source "ChessBase"]
[SourceDate "2011.11.24"]
[SourceVersion "1"]
[SourceVersionDate "2011.11.24"]
[SourceQuality "1"]

1. e4 e5 2. Nf3 Nc6 3. d4 exd4 4. Nxd4 Bc5 5. Nb3 Bb6 6. a4 a6 7. Nc3 d6 8. Nd5 Ba7 9. Bc4 Be6 10. Bf4 Qd7 11. Qf3 Nge7 12. Qg3 Ng6 13. 0-0-0 Nce5 14. Bxe5 Nxe5 15. Qxg7 0-0-0 16. Nf6 Qxa4 17. Bxe6+ fxe6 18. Rhf1 Nc4 19. Qg4 b5 20. Qxe6+ Kb7 21. Kb1 Qb4 22. Qd5+ Kb8 23. Qc6 Bb6 24. Nd5 Qa4 25. f4 Na5 26. Nxb6 Nxc6 27. Nxa4 bxa4 28. Nd4 Ne7 29. f5 1-0

[Event "AUT-ch U12"]
[Site "Feldkirchen"]
[Date "1998.??.??"]
[Round "2"]
[White "Sachsenhofer, Wolfgang"]
[Black "Mueller, David"]
[Result "1/2-1/2"]
[WhiteElo "1460"]
[BlackElo "1423"]
[PlyCount "176"]
[EventDate "1998.05.30"]
[EventType "swiss"]
[EventRounds "7"]
[EventCountry "AUT"]
[SourceTitle "EXT 2000"]
[Source "ChessBase"]
[SourceDate "1999.11.16"]
[SourceVersion "1"]
[SourceVersionDate "1999.11.16"]
[SourceQuality "1"]

1. e4 e5 2. Nf3 Nc6 3. Bc4 Nf6 4. Nc3 Bc5 5. d3 h6 6. Be3 Bxe3 7. fxe3 0-0 8. Qd2 d6 9. 0-0-0 Qe7 10. Nd5 Nxd5 11. exd5 Nd8 12. e4 c6 13. Rdg1 cxd5 14. Bxd5 Nc6 15. g4 Be6 16. Bxe6 Qxe6 17. Kb1 a5 18. g5 Nb4 19. b3 Kh7 20. gxh6 Qxh6 21. Qxh6+ Kxh6 22. Nh4 g6 23. Nf3 Rac8 24. Rc1 b5 25. a3 Na6 26. Nd2 Rc3 27. Kb2 Rfc8 28. Rhf1 Kg7 29. Nf3 b4 30. a4 Nc7 31. Nd2 Ne6 32. Nc4 Nd4 33. Rf2 Rc7 34. Nxa5 R7c5 35. Nc4 d5 36. exd5 Rxd5 37. Ra1 f5 38. a5 e4 39. dxe4 fxe4 40. a6 Rd8 41. a7 e3 42. Nxe3 Ra8 43. Nc4 Nc6 44. Rd2 Rxa7 45. Rxa7+ Nxa7 46. Rd7+ Kh6 47. Rxa7 Rh3 48. Ra8 Kg5 49. Ne5 Re3 50. Nd3 Re2 51. Rh8 Re4 52. h4+ Rxh4 53. Rxh4 Kxh4 54. Nxb4 g5 55. Nd3 g4 56. b4 g3 57. Nf4 Kg4 58. Ne2 g2 59. b5 Kf3 60. Ng1+ Kf2 61. b6 Kxg1 62. b7 Kf1 63. b8Q g1Q 64. Qf4+ Ke2 65. Qe4+ Kd2 66. Qd3+ Ke1 67. Qe4+ Kd2 68. Qf4+ Ke2 69. Qe5+ Kf3 70. Qh5+ Ke4 71. Kb3 Qb1+ 72. Kc3 Qa1+ 73. Kb4 Qb2+ 74. Ka5 Qc3+ 75. Kb6 Qf6+ 76. Kc5 Qd4+ 77. Kc6 Qf6+ 78. Kd7 Qd4+ 79. Ke7 Qa7+ 80. Kf6 Qa1+ 81. Kg6 Qa6+ 82. Kg5 Qb5+ 83. Kg4 Qe2+ 84. Kh4 Qh2+ 85. Kg5 Qe5+ 86. Kh6 Qxh5+ 87. Kxh5 Kd4 88. c4 Kxc4 1/2-1/2